| 000 | 007000000a22002410004500 | ||
|---|---|---|---|
| 003 | LK-CoMWRAF | ||
| 005 | 20231030142503.0 | ||
| 008 | 230817t1993 ||||| |||| 00| 0 eng d | ||
| 020 | _a185649120X | ||
| 040 |
_aLK-CoMWRAF _dLK-CoMWRAF _eLK-CoMWRAF |
||
| 041 | _aeng | ||
| 082 |
_a305.42 _bWOM |
||
| 100 | _aTomasevski, Katarina | ||
| 245 | _aWomen and human rights | ||
| 260 |
_aLondon: _bZed books, _c1993 |
||
| 300 |
_axiv, 162 p. _bBibliography and index included |
||
| 490 | _aWomen and world development series | ||
| 650 | _aWOMEN'S RIGHTS | ||
| 650 | _aSex discrimination against women | ||
| 650 | _aWomen--Social conditions | ||
| 700 |
_aTomasevski, Katarina _ecomp. |
||
| 942 | _cBK | ||
| 999 |
_c1436 _d1436 |
||